00918 2200277 4500001002100000005001700021008004100038035002400079082001000103090001700113100004000130245009500170250001000265260018600275300002400461500003000485500001100515650001900526700001600545700001700561850001500578980001100593985000600604999001500610999001500625YOGYA-0209000000553020090227020822.0 ind  0010-020900000005530 a297.5 a297.5bFal S aAL-FALIMBANI, Abdu S. Samad, Syaikh aSairu S-Salikin,cSyaikh Abdu S-Samad Al-Falimbani, Abu Hanifah ; penyunting, Wahyuningsih aEd. 1 aJakartabProyek Pengkajian dam Pembinaan Nilai-Nilai Budaya. Pusat Direktorat Sejarah DAn Nilai Tradisiona; Direktorat Jenderal Kebudayaan Departemen Pendidikan Dan Kebudayaanc1995 avii, 216 hlmc22 cm aBibliografi : hlm 207-208 aIndeks aAkhlak (Islam) aAbu Hanifah aWahyuningsih aYOPDYOG(B) a210605 a2 a98A0029824 a98A0029825